000 00554nam a22001817a 4500
005 20090317103633.0
008 090317t xxu||||| |||| 00| 0 eng d
037 _bdpl / pub
040 _adpl
245 _aRipples
246 _aSupreme saviour
260 _aPune
_bRev. George Yohannan
_c2009-
300 _av.
_c28 cm
310 _amonthly
270 _aA/08, Laxmi Sahawas, CHS 3rd Floor Sree Nagar Wangle Estate
_bThane
_e400604
942 _2ddc
_cSR
_s1
999 _c25292
_d25292